000
00311nam a2200133Ia 4500
008
190216s9999||||xx |||||||||||||| ||und||
100
_a
Landau. L & Kitaigorodsky. A
245
0
_a
Physics For Every One
250
_a
1st Ed.
260
_b
Null
_c
1978
300
_a
478
650
_a
Physics
942
_c
BK
999
_c
33199
_d
33199